Countries With The Richest History - Statistics

General Stats
  • This quiz has been taken 142 times
  • The average score is 23 of 30
Answer Stats
Answer % Correct
China
100%
Italy
99%
United Kingdom
98%
Japan
97%
Russia
96%
Egypt
95%
Spain
95%
Germany
94%
India
93%
United States
93%
France
91%
Greece
91%
Turkey
87%
Mexico
84%
Portugal
82%
Iraq
80%
Poland
79%
Austria
76%
Israel
75%
Saudi Arabia
71%
Thailand
62%
Ireland
61%
Vietnam
61%
Hungary
59%
Morocco
58%
Belgium
57%
Switzerland
56%
South Africa
54%
Peru
45%
Jordan
38%
No matching quizzes found
Score Distribution
Percent of People with Each Score
Percentile by Number Answered
Your Score History
You have not taken this quiz